| 000 | 00923nam a22002897a 4500 | ||
|---|---|---|---|
| 005 | 20230512221902.0 | ||
| 008 | 180430t xxu||||| |||| 00| 0 eng d | ||
| 020 | _a9789814716352 | ||
| 040 | _cCSPC | ||
| 082 | 0 |
_a428.2 _bG578g |
|
| 100 |
_aGoldstein, Barbara _eauthor. |
||
| 245 | 0 | 0 |
_aGrammar to go : _bhow it works and how to use it/ _cBarbara Golstein |
| 250 |
_a4th _bEdition |
||
| 260 |
_aSingapore : _bCengage Learning Asia Pte. Ltd., _c2015. |
||
| 300 |
_av, 270 pages : _btables, _c23 cm. |
||
| 336 |
_2rdacontent _atext |
||
| 337 |
_2rdamedia _aunmediated |
||
| 338 |
_2rdacarrier _avolume |
||
| 500 | _aIncludes Index. | ||
| 650 | 1 | 0 |
_aEnglish language _xGrammar. |
| 700 | 1 |
_aWaugh, Jack _eauthor. |
|
| 700 | 1 |
_aLinsky, Karen _eauthor. |
|
| 940 | _aLenie | ||
| 942 |
_cBOOK _jCIR 428.2 G578g 2015 |
||
| 999 |
_c3784 _d3784 |
||